| 000 | 01101nam a2200229 a 4500 | ||
|---|---|---|---|
| 001 | BRCA_1001 | ||
| 005 | 20190320203234.0 | ||
| 008 | 290805s2004----mx-a---g##---#000-0#spa-# | ||
| 041 | _aspa | ||
| 044 | _amx | ||
| 050 | 4 |
_aNC1807.M4 _b.B54 8 _c2004 |
|
| 245 | 1 | 0 | _a8 [i.e. Octava] Bienal Internacional del Cartel en México = Eighth International Biennial of the Poster in Mexico = Oitava Bienal Internacional do Cartaz no Mexico. |
| 260 |
_aMéxico _bGobierno del Estado de Veracruz : UAM : UNAM : Universidad Veracruzana : Fondo Nacional para la Cultura y las Artes : Trama Visual AC _c2004 |
||
| 300 |
_a203 p. _bil. a color _c30 cm. |
||
| 500 | _aCatálogo de la exposición realizada en el Museo Franz Mayer (Ciudad de México), 25 octubre, 2004 - 30 enero, 2005 | ||
| 546 | _aTexto en : español, portugués e inglés | ||
| 650 | 1 | 4 |
_aCarteles _vConcursos _xDiseño _zMéxico _93304 |
| 650 | 1 | 4 |
_aDiseñadores gráficos _vExposiciones _zMéxico _93305 |
| 740 | 0 | _aEighth International Biennial of the Poster in Mexico | |
| 740 | 0 | _aOitava Bienal Internacional do Cartaz no Mexico | |
| 942 |
_2lcc _cB |
||
| 999 |
_c883 _d883 |
||